000 00471nam a2200181Ia 4500
001 9066
005 20260306160656.0
008 260306t2010||||xx |||||||||||||| ||spa||
041 _aESP
082 _a372.5
_bK72
100 _aKohl, MaryAnn F.
_eAUT
245 0 _aCreación artística en primaria:
_blo importante es el "proceso", no el "resultado"
260 _c2010
300 _a174 páginas :
_ccm.
650 _aGEN
654 _aCED
942 _cLIB
_dJUS
_fJUS
_2ddc
_n
999 _c9066
_d9066